Проектирование отрезных и канавочных резцов с равнопрочной формой лезвия; Современные техника и технологии; Т. 1

Detaylı Bibliyografya
Parent link:Современные техника и технологии: X Юбилейная международная научно-практическая конференция студентов, аспирантов и молодых ученых, посвященная 400-летию г. Томска, Томск, 29 марта - 2 апреля 2004 г./ Томский политехнический университет.— , 2004
Т. 1.— 2004.— С. 139-141
Yazar: Моховиков А. А. Алексей Александрович
Dil:Rusça
Baskı/Yayın Bilgisi: 2004
Konular:
Materyal Türü: Kitap Bölümü
KOHA link:https://koha.lib.tpu.ru/cgi-bin/koha/opac-detail.pl?biblionumber=183183

MARC

LEADER 00000naa2a2200000 4500
001 183183
005 20251205110019.0
035 |a (RuTPU)RU\TPU\book\198563 
090 |a 183183 
100 |a 20100702d2004 k y0rusy50 ca 
101 0 |a rus 
102 |a RU 
200 1 |a Проектирование отрезных и канавочных резцов с равнопрочной формой лезвия  |f А. А. Моховиков 
320 |a Библиогр.: 3 назв. 
461 1 |0 (RuTPU)RU\TPU\book\66154  |t Современные техника и технологии  |o X Юбилейная международная научно-практическая конференция студентов, аспирантов и молодых ученых, посвященная 400-летию г. Томска, Томск, 29 марта - 2 апреля 2004 г.  |o труды  |f Томский политехнический университет  |d 2004 
463 0 |0 (RuTPU)RU\TPU\book\65882  |t Т. 1  |v С. 139-141  |d 2004 
610 1 |a резцы 
610 1 |a проектирование 
610 1 |a лезвия 
610 1 |a прочность 
610 1 |a компьютерные программы 
610 1 |a профили 
610 1 |a проекты 
610 1 |a труды учёных ТПУ 
700 1 |a Моховиков  |b А. А.  |c российский учёный в области технологии машиностроения  |c доцент Юргинского технологического института (филиал) Томского политехнического университета  |f 1976-  |g Алексей Александрович  |3 (RuTPU)RU\TPU\pers\24324 
801 1 |a RU  |b 63413507  |c 20100702 
801 2 |a RU  |b 63413507  |c 20140329  |g RCR 
942 |c BK